Loi Macron : (Record no. 95446)

MARC details
000 -LEADER
campo de control de longitud fija 02243nam a2200301 i 4500
003 - IDENTIFICADOR DE NÚMERO DE CONTROL
campo de control BJBSDDR
005 - FECHA Y HORA DE LA ÚLTIMA TRANSACCIÓN
campo de control 20230410143102.0
007 - CAMPO FIJO DE DESCRIPCIÓN FÍSICA--INFORMACIÓN GENERAL
campo de control de longitud fija ta
008 - DATOS DE LONGITUD FIJA--INFORMACIÓN GENERAL
campo de control de longitud fija 160823s2015 fr 000 0 fre
020 ## - NÚMERO INTERNACIONAL ESTÁNDAR DEL LIBRO
Número Internacional Estándar del Libro 9782850861840
040 ## - FUENTE DE CATALOGACIÓN
Lengua de catalogación spa
Centro/agencia transcriptor BJBSDDR
041 0# - CÓDIGO DE IDIOMA
Código de lengua del texto/banda sonora o título independiente fre
050 14 - SIGNATURA TOPOGRÁFICA DE LA BIBLIOTECA DEL CONGRESO
Número de clasificación KJV 5545.8
Número de ítem L834 2015
110 1# - ENTRADA PRINCIPAL--NOMBRE DE ENTIDAD CORPORATIVA
Nombre de entidad corporativa o nombre de jurisdicción como elemento de entrada Éditions législatives.
245 00 - MENCIÓN DEL TÍTULO
Título Loi Macron :
Resto del título ce qui change en pratique /
Mención de responsabilidad, etc. Éditions législatives.
260 ## - PUBLICACIÓN, DISTRIBUCIÓN, ETC.
Lugar de publicación, distribución, etc. Montrouge :
Nombre del editor, distribuidor, etc. Éditions législatives,
Fecha de publicación, distribución, etc. 2015.
300 ## - DESCRIPCIÓN FÍSICA
Extensión 357 p. ;
Dimensiones 24 cm.
504 ## - NOTA DE BIBLIOGRAFÍA, ETC.
Nota de bibliografía, etc. Incluye referencias bibliográficas e índice.
520 ## - RESUMEN, ETC.
Sumario, etc. La loi pour la croissance, l'activité et l'égalité des chances dite<br/>"loi Macron" réforme en profondeur l'économie. Elle répond à un<br/>objectif de modernisation par la libéralisation de certaines<br/>activités, l'encouragement de l'investissement et de l'innovation, la<br/>volonté de simplifier les obligations des entreprises et les<br/>procédures et favoriser l'embauche.<br/><br/>Le texte frappe par la diversité des domaines du droit économique<br/>touchés. Sont ainsi directement concernés les secteurs de la<br/>concurrence et de la distribution, l'urbanisme commercial, les<br/>transports, l'actionnariat salarié, les procédures collectives,<br/>l'ouverture des magasins le dimanche, les professions réglementées, le<br/>droit et la justice prud'hommale ou encore la spécialisation des<br/>tribunaux de commerce.<br/><br/>Ce broché permet au lecteur d'apprécier les enjeux pratiques des<br/>nouveautés. Il associe les équipes rédactionnelles des "Dictionnaires<br/>Permanents Droit des affaires, Difficultés des entreprises,<br/>Assurances, Épargne et produits financiers et Recouvrement de<br/>créances.<br/><br/>Il expose en outre le point de vue de professionnels du terrain sur<br/>les aspects les plus complexes du texte. Des tableaux complètent enfin<br/>les commentaires qui précisent les modalités d'application du texte.
650 #0 - PUNTO DE ACCESO ADICIONAL DE MATERIA--TÉRMINO DE MATERIA
Término de materia o nombre geográfico como elemento de entrada Droit public économique
Subdivisión geográfica France
Subdivisión cronológica 1990-
650 #4 - PUNTO DE ACCESO ADICIONAL DE MATERIA--TÉRMINO DE MATERIA
Término de materia o nombre geográfico como elemento de entrada Derecho público económico
Subdivisión geográfica France
Subdivisión cronológica 1990-
9 (RLIN) 19997
650 ## - PUNTO DE ACCESO ADICIONAL DE MATERIA--TÉRMINO DE MATERIA
Término de materia o nombre geográfico como elemento de entrada Droit commercial
Subdivisión geográfica France
Subdivisión cronológica 1990-
650 #0 - PUNTO DE ACCESO ADICIONAL DE MATERIA--TÉRMINO DE MATERIA
Término de materia o nombre geográfico como elemento de entrada Derecho comercial
Subdivisión geográfica Francia
Subdivisión cronológica 1990-
9 (RLIN) 8214
650 ## - PUNTO DE ACCESO ADICIONAL DE MATERIA--TÉRMINO DE MATERIA
Término de materia o nombre geográfico como elemento de entrada Droit du travail
Subdivisión geográfica France
Subdivisión cronológica 1990-
650 #4 - PUNTO DE ACCESO ADICIONAL DE MATERIA--TÉRMINO DE MATERIA
Término de materia o nombre geográfico como elemento de entrada Derecho laboral
Subdivisión geográfica France
Subdivisión cronológica 1990-
9 (RLIN) 9336
942 ## - ELEMENTOS DE ENTRADA SECUNDARIOS (KOHA)
Fuente del sistema de clasificación o colocación Clasificación de Library of Congress
Tipo de ítem Koha Libro
946 ## - PROCESAMIENTO DE INFORMACIÓN LOCAL (OCLC)
a lmd
Holdings
Estatus retirado Estado de pérdida Estado de daño No para préstamo Colección Biblioteca de origen Biblioteca actual Ubicación en estantería Fecha de adquisición Signatura topográfica completa Código de barras Visto por última vez Copia número Tipo de ítem Koha
        Ciencias Sociales Biblioteca Juan Bosch Biblioteca Juan Bosch Ciencias Sociales (3er. Piso) 10/04/2023 KJV 5545.8 L834 2015 00000115789 21/01/2019 1 Libro